| 000 | 00825nam a22002177a 4500 | ||
|---|---|---|---|
| 999 |
_c5476 _d5476 |
||
| 003 | AR-CdUCM | ||
| 008 | 190312b ||||| |||| 00| 0 spa d | ||
| 040 |
_aMUNICIPALIDAD PROVINCIAL DEL CUSCO _cBIBLIOTECA MUNICIPAL DEL CUSCO |
||
| 082 |
_23ed. _a184 / _bB22 |
||
| 100 |
_aPlatón 428 ó 7-347 a.C. _916451 |
||
| 245 |
_aEl Banquete - Faidon : _bSobre el Amor - Sobre el Alma / |
||
| 260 |
_aMadrid : _bClásicos Bergua ; _c1966. |
||
| 300 |
_a429 páginas ; _c17cm |
||
| 440 |
_aColección Tesoro Literario _n3 _916452 |
||
| 505 | _aContenido: El banquete -- Estampa sócratica -- Faidon... | ||
| 650 |
_aDiálogos filosóficos _916453 |
||
| 650 |
_aFilosofía clásica _916454 |
||
| 700 |
_aBergua, Juan B. (traducción, estudios preliminares, notas y estampa sócratica) _916455 |
||
| 942 |
_2ddc _cLIBROS |
||
| 945 | _anom | ||